000 00253nam a2200097Ia 4500
001 703000
005 20250826162343.0
008 250824s9999 xx 000 0 und d
245 0 _aGÖLGELERİN EFENDİSİ
_cJOHN FLANAGAN
260 _bBEYAZ BALİNA YAYINLARI
999 _c703000
_d703000